| 000 | 01128cam a2200337 a 4500 | ||
|---|---|---|---|
| 001 | 8495 | ||
| 003 | FISKH | ||
| 005 | 20251205085441.0 | ||
| 008 | 990614s2000 nyua a 000 0 eng | ||
| 010 | _a 99033612 | ||
| 020 |
_a0805059520 _qhc : alk. paper |
||
| 020 |
_a9780805059526 _q(hc : alk. paper) |
||
| 040 |
_aDLC _cDLC _dDLC _beng |
||
| 050 | 0 | 0 |
_aPZ8.3.H7875 _bSe 2000 |
| 082 | 0 | 0 |
_a782.42164/0268 _221 |
| 100 | 1 | _aHort, Lenny. | |
| 245 | 1 | 4 |
_aThe seals on the bus / _cby Lenny Hort ; illustrated by G. Brian Karas. |
| 260 |
_aNew York : _bScholastic, _c2000. |
||
| 300 |
_a30 unnumbered pages : _bcolor illustrations ; _c26 cm |
||
| 505 | _aNP | ||
| 520 | _aDifferent animals--including seals, tigers, geese, rabbits, monkeys, and more--make their own sounds as they ride all around the town on a bus. | ||
| 650 | 0 |
_aChildren's songs, English _vTexts. |
|
| 650 | 1 | _aAmerican songs. | |
| 650 | 1 | _aAnimal sounds. | |
| 650 | 1 | _aBuses. | |
| 650 | 1 | _aSong texts. | |
| 700 | 1 |
_aKaras, G. Brian, _eillustrator |
|
| 906 |
_a7 _bcbc _corignew _d1 _eocip _f19 _gy-gencatlg |
||
| 942 |
_2ddc _cBK _n0 |
||
| 999 |
_c8495 _d8495 |
||